000
00295nam a2200109Ia 4500
008
220204s9999 xx 000 0 und d
020
_a
8185040559
082
_a
339.92(047)
_b
WOR
245
0
_a
World investment report 2001 : Promoting linkages
260
_a
New Delhi
_b
Bookwell
_c
2001
942
_c
BK
999
_c
41879
_d
41879